20:20 visions of the future. (Record no. 100150)
[ view plain ]
| 000 -LEADER | |
|---|---|
| fixed length control field | 01307cam a2200397 4500 |
| 008 - FIXED-LENGTH DATA ELEMENTS--GENERAL INFORMATION | |
| fixed length control field | 000000n2000 000 0 eng u |
| 020 ## - INTERNATIONAL STANDARD BOOK NUMBER | |
| International Standard Book Number | 085406981X |
| 035 ## - SYSTEM CONTROL NUMBER | |
| System control number | (Sirsi) u103738 |
| 041 ## - LANGUAGE CODE | |
| Language code of text/sound track or separate title | ENG |
| 050 ## - LIBRARY OF CONGRESS CALL NUMBER | |
| Classification number | 330 |
| 110 ## - MAIN ENTRY--CORPORATE NAME | |
| Corporate name or jurisdiction name as entry element | Royal Institution of Chartered Surveyors Research Foundation |
| 9 (RLIN) | 3861 |
| 245 ## - TITLE STATEMENT | |
| Title | 20:20 visions of the future. |
| 260 ## - PUBLICATION, DISTRIBUTION, ETC. | |
| Place of publication, distribution, etc. | London |
| Name of publisher, distributor, etc. | RICS Research Foundation |
| Date of publication, distribution, etc. | 2000 |
| 300 ## - PHYSICAL DESCRIPTION | |
| Extent | boxed set of 7 booklets. |
| 350 ## - PRICE (NR) (BK AM CF MU VM SE) [OBSOLETE] | |
| Price | 60.00 |
| 505 ## - FORMATTED CONTENTS NOTE | |
| Formatted contents note | Preparing for the future: a users guide by Ian Cooper. |
| 505 ## - FORMATTED CONTENTS NOTE | |
| Formatted contents note | The future of work by Anne Green & Ruth Shackleton |
| 505 ## - FORMATTED CONTENTS NOTE | |
| Formatted contents note | The future of shopping by Leigh Sparks and Anne Findlay |
| 505 ## - FORMATTED CONTENTS NOTE | |
| Formatted contents note | The future of housing by James Barlow |
| 505 ## - FORMATTED CONTENTS NOTE | |
| Formatted contents note | The future of the countryside by Mark Shucksmith |
| 505 ## - FORMATTED CONTENTS NOTE | |
| Formatted contents note | The future of transport by David Banister |
| 505 ## - FORMATTED CONTENTS NOTE | |
| Formatted contents note | The future of leisure by Chris Evans & Stuart Morley |
| 520 ## - SUMMARY, ETC. | |
| Summary, etc. | Contains 6 reports and 1 users guide. |
| 650 ## - SUBJECT ADDED ENTRY--TOPICAL TERM | |
| Topical term or geographic name entry element | FORECASTS |
| 650 ## - SUBJECT ADDED ENTRY--TOPICAL TERM | |
| Topical term or geographic name entry element | MARKET SURVEYS |
| 650 ## - SUBJECT ADDED ENTRY--TOPICAL TERM | |
| Topical term or geographic name entry element | RETAIL |
| 650 ## - SUBJECT ADDED ENTRY--TOPICAL TERM | |
| Topical term or geographic name entry element | HOUSING |
| 650 ## - SUBJECT ADDED ENTRY--TOPICAL TERM | |
| Topical term or geographic name entry element | LEISURE AND RECREATION |
| 650 ## - SUBJECT ADDED ENTRY--TOPICAL TERM | |
| Topical term or geographic name entry element | RURAL PLANNING |
| 650 ## - SUBJECT ADDED ENTRY--TOPICAL TERM | |
| Topical term or geographic name entry element | TRANSPORT |
| 650 ## - SUBJECT ADDED ENTRY--TOPICAL TERM | |
| Topical term or geographic name entry element | RESEARCH |
| 650 ## - SUBJECT ADDED ENTRY--TOPICAL TERM | |
| Topical term or geographic name entry element | SOCIAL ISSUES |
| 650 ## - SUBJECT ADDED ENTRY--TOPICAL TERM | |
| Topical term or geographic name entry element | DEMOGRAPHIC TRENDS |
| 690 ## - LOCAL SUBJECT ADDED ENTRY--TOPICAL TERM (OCLC, RLIN) | |
| Topical term or geographic name as entry element | ECONOMIC ISSUES |
| 942 ## - ADDED ENTRY ELEMENTS (KOHA) | |
| Suppress in OPAC | 0 |
| Withdrawn status | Lost status | Source of classification or shelving scheme | Damaged status | Not for loan | Home library | Current library | Shelving location | Date acquired | Cost, normal purchase price | Total Checkouts | Full call number | Barcode | Date last seen | Copy number | Cost, replacement price | Price effective from | Koha item type | Date last checked out |
|---|---|---|---|---|---|---|---|---|---|---|---|---|---|---|---|---|---|---|
| Dewey Decimal Classification | London | London | RICS Boxes | 24/01/2000 | 60.00 | RICS 2000/3 | 30060544 | 06/08/2019 | 1 | 60.00 | 06/08/2019 | Archive | ||||||
| Dewey Decimal Classification | London | London | RICS Boxes | 26/01/2000 | 60.00 | RICS 2000/3 | 30060564 | 06/08/2019 | 2 | 60.00 | 06/08/2019 | Reference material | ||||||
| Dewey Decimal Classification | London | London | RICS Boxes | 26/01/2000 | 13 | RICS 2000/3 | 30060565 | 06/08/2019 | 3 | 06/08/2019 | Book | 06/07/2004 |